000 00543nam a2200145 4500
082 _aMSITE-1 IMR
100 _aImran Haider
245 _aPersonality traits and academic achievements: a case study of electrical engineering students
260 _a(Islamabad)
_b NUST-SEECS
_c2017
300 _a70p.
856 _uhttp://10.250.8.41:8080/xmlui/handle/123456789/23124
942 _2ddc
_cTHE
999 _c342365
_d342365